Tarot Cards Major Arcana - Statistics

General Stats
  • This quiz has been taken 201 times
  • The average score is 21 of 44
Answer Stats
Hint Answer % Correct
innocence, new beginnings, free spirit The Fool
89%
unconscious, illusions, intuition The Moon
88%
authority, structure, control, fatherhood The Emperor
87%
end of cycle, beginnings, change, metamorphosis Death
85%
joy, success, celebration, positivity The Sun
85%
partnerships, duality, union The Lovers
84%
hope, faith, rejuvenation The Star
84%
motherhood, fertility, nature The Empress
83%
sudden upheaval, broken pride, disaster The Tower
82%
addiction, materialism, playfulness The Devil
81%
willpower, desire, creation, manifestation The Magician
78%
direction, control, willpower The Chariot
76%
fulfillment, harmony, completion The World
76%
sacrifice, release, martyrdom The Hanged Man
74%
intuitive, unconscious, inner voice The High Priestess
73%
contemplation, search for truth, inner guidance The Hermit
71%
tradition, conformity, morality, ethics The Hierophant
71%
change, cycles, inevitable fate The Wheel of Fortune
70%
cause and effect, clarity, truth Justice
67%
inner strength, bravery, compassion, focus Strength
67%
middle path, patience, finding meaning Temperance
61%
reflection, reckoning, awakening Judgement
60%
lack of control, lack of direction, aggression The Chariot Reversed
21%
disaster avoided, delayed disaster, fear of suffering The Tower Reversed
21%
incompletion, no closure The World Reversed
21%
fear of change, holding on, stagnation, decay Death Reversed
20%
dishonesty, unaccountability, unfairness Justice Reversed
20%
tyranny, rigidity, coldness The Emperor Reversed
20%
dependence, smothering, emptiness, nosiness The Empress Reversed
20%
recklessness, taken advantage of, inconsideration The Fool Reversed
20%
loneliness, isolation, lost your way The Hermit Reversed
20%
loss of balance, one-sidedness, disharmony The Lovers Reversed
20%
trickery, illusions, out of touch The Magician Reversed
20%
confusion, fear, misinterpretation The Moon Reversed
20%
faithlessness, discouragement, insecurity The Star Reversed
20%
negativity, depression, sadness The Sun Reversed
20%
extremes, excess, lack of balance Temperance Reversed
19%
freedom, release, restoring control The Devil Reversed
19%
stalling, needless sacrifice, fear of sacrifice The Hanged Man Reversed
19%
rebellion, subversiveness, new approaches The Hierophant Reversed
18%
lack of center, lost inner voice, repressed feelings The High Priestess Reversed
18%
no control, clinging to control, bad luck The Wheel of Fortune Reversed
18%
self doubt, weakness, insecurity Strength Reversed
17%
lack of self awareness, doubt, self loathing Judgement Reversed
16%
No matching quizzes found
Score Distribution
Percent of People with Each Score
Percentile by Number Answered
Your Score History
You have not taken this quiz